000 01369nam a22003977a 4500
003 CHAP
005 20220329135919.0
008 971013s1982 r 10010 d
010 _a44013
011 _a44985
035 _a49124
040 _cCHAP
082 _a635.21
_bT3
111 0 0 _aTaller Latinoamericano sobre Intercambio de Germoplasma de Papa y Yuca (
_n1
_d: 1982
_c: Cali, Colombia)
_9111465
245 _aMemorias
260 _aCali :
_bCentro Internacional de Agricultura Tropical,
_c1982
300 _a295 p.
_b: ilus.
490 _aCIAT
_v; 03SC-6(82)
590 _aBATCH-UPD
_b10
_c20130110
_lUCH01
_h0031
590 _aBATCH-UPD
_b10
_c20130110
_lUCH01
_h1545
590 _aBATCH-UPD
_b10
_c20130409
_lUCH01
_h2014
590 _aBATCH-UPD
_b10
_c20130410
_lUCH01
_h0945
590 _aBATCH-UPD
_b10
_c20130914
_lUCH01
_h0930
590 _aCONVERSION
_b10
_c20130109
_lUCH01
_h1324
650 1 4 _aPapa
_xGenética.
_985240
650 1 4 _aPapa
_xPropagación.
_985279
650 1 4 _aPapa
_xSemilla.
_985288
650 1 4 _aYuca
_xGenética.
_9123286
650 1 4 _aYuca
_xPropagación.
_9123298
650 1 4 _aYuca
_xSemilla.
_9123301
810 _aCIAT
_v; 03SC-6(82)
_923010
901 _aBK
942 _cLIBRO
949 _a635.21 T3
_bBC
_cLIBRO
_d33724000261509
_eLIBRO
_h59888
_i49124
_si
949 _a635.21 T3
_bBC
_cLIBRO
_d33724000261517
_eLIBRO
_fc.2
_h61801
_i49124
_si
999 _c44013
_d44013